000 00276nam a22001217a 4500
008 171003b xxu||||| |||| 00| 0 eng d
041 _aeng
080 _26 ED
_a159.9
100 _a48
101 _aPSI
245 _aPERSPECTIVE PERSONALITY
_cCARVEER.CH.S
942 _2udc
_cBK
999 _c31401
_d31401